000 01226nam a2200277Ia 4500
999 _c54759
_d54759
001 21826
003 GE_BSU
005 20220524152438.0
008 181216s ||||ge |||||||||||||| ||geo||
020 _a99940-791-1-5
040 _cGE_BSU
041 _ageo
080 _a811.353.1-8(075.3) დ-26
245 _aდედა ენა :
_bმე-2 კლასი /
_cშეადგინა ვალერიან რამიშვილმა ; მხატვ. : მ. მორჩილაძე, დ. ზარაფიშვილი, გ. ქლიბაძე [და სხვ.].
264 _aთბილისი :
_bაისი,
_c2004.
300 _a131გვ. :
_bილ. ;
_c20 სმ.
541 _h12 ლ.
653 _aდედა ენა
653 _aმე-2 კლასი
653 _aქართული ენა
700 _aრამიშვილი, ვალერიან
_eშეადგინა
_91173
700 _aმორჩილაძე, მ.
_eმხატვარი
_99967
700 _aზარაფიშვილი, დ.
_eმხატვარი
_913812
700 _aქლიბაძე, გ.
_eმხატვარი
_95856
942 _cBK
_2udc